Wiring step-by-step
| Other Authors: | |
|---|---|
| Format: | Book |
| Published: |
Iowa :
Meredith ,
2004
|
| Series: | Better homes and gardens
|
| Subjects: |
MARC
| LEADER | 00000cam a2200000 7i4500 | ||
|---|---|---|---|
| 001 | 0000016752 | ||
| 005 | 20080429.0 | ||
| 008 | 080429 | ||
| 020 | |a 0696221071 | ||
| 090 | 0 | 0 | |a 621.381 |b WIR |
| 245 | 1 | 0 | |a Wiring step-by-step |c editor Larry Johnston |
| 260 | |a Iowa : |b Meredith , |c 2004 | ||
| 440 | |a Better homes and gardens | ||
| 650 | 0 | |a Theory & philosophy | |
| 650 | 0 | |a Wiring |x Engineering | |
| 650 | 0 | |a Wiring |x Techniques | |
| 700 | 1 | |a Johnston, Larry | |
| 999 | |a 0001013904 |b Book |c Adult Collection |e Perbadanan Perpustakaan Awam Johor | ||